000 00623nam a2200205Ii 4500
003 JO-AjNU
008 230605s9999||||xx |||||||||||||| ||und||
040 _aJO-AjNU
_bara
_erda
_cJO-AjNU
041 _aara
050 1 4 _aLB1025.2.A6436 1981
100 3 _aعاقل، فاخر,
_eauthor
_942449
245 0 0 _aالتربية قديمها وحديثها
250 _aط3
264 3 1 _aبيروت:دار العلم للملايين،1981
300 _a495ص
336 _atext
_btxt
_2rdacontent
337 _aunmediated
_bn
_2rdamedia
338 _avolume
_bnc
_2rdacarrier
650 4 _aالتعليم-تاريخ
_942450
999 _aA18177
_c21745
_d21745